01109nas a2200229Ia 4500001001100000003000900011008004100020040001300061040001300074041001300087100004300100210004200143222004200185245013500227250001100362260004000373501008600413300001700499362006000516500026000576650004300836R144/D7576IT-RoPAU151124c99999999xx |||||||||||| ||und|| aIT-RoPAU cIT-RoPAU aFRANCESE aMusso PierregCodice Aut. SPICS: 17552 aQUADERNI-LA REVUE DE LA COMMUNICATION aQuaderni-La Revue De La Communication aQUADERNI, N.028 (1996) - UTOPIE ET IMAGINAIRE DE LA COMMUNICATIONbUne Nouvelle Legislation Pour Les Telecommunications Francaises a1a ed. aCOLOMBES (FRANCIA)bAZ PRESSEc1996 bPaulus - SPICS - Società San Paolo EM (non-commercial uses only)cCopyright2015 a8 p. [29-36] aN.028 (1996) - UTOPIE ET IMAGINAIRE DE LA COMMUNICATION aPolitica della Comunicazione: una Nuova Legislazione per le Telecomunicazioni Francesi. Contesto della Pubblica Consultazione. Ridefinire le Frontiere tra Privato e Pubblico, Nazionale e Internazionale. Servizio Pubblico O Servizio Universale? Nuova Istan aCOMUNICAZIONEvPUBBLICAZIONE PERIODICA